000 00480nam a2200169Ia 4500
999 _c11991
_d11991
003 OSt
005 20201001134144.0
008 190216s9999||||xx |||||||||||||| ||und||
040 _coclc
082 _a808.1
_bHOU/A
100 _aHouse, Humphry
_94905
245 0 _aAristotile`s Poetics /
_cHumphry House
260 _bLyall Book Depot,
_c1966.
_aChandigarh:
300 _a128p
650 _aEnglish Poetry
942 _cBK
_2ddc
_h808.1
_iHOU/A
_k808.1
_mHOU/A